Analýza efektivity transformačného procesu vo vybranom podniku bakalárska práca

Uložené v:
Podrobná bibliografia
Hlavný autor: Fričová, Veronika, 1977-
Korporativný autor: Fakulta podnikového manažmentu EU. Katedra podnikovohospodárska
Ďalší autori: Štetka, Peter, 1986-
Médium: Kniha
Jazyk:Slovak
Vydavateľské údaje: Bratislava 2018
Tagy: Pridať tag
Žiadne tagy, Buďte prvý, kto otaguje tento záznam!

MARC

LEADER 00000nbm a2200000 4500
001 0244583
005 20181009111521.9
041 0 |a slo 
044 |a SK 
245 1 0 |a Analýza efektivity transformačného procesu vo vybranom podniku  |b bakalárska práca  |c Veronika Fričová ; školiteľ: Peter Štetka 
264 1 |a Bratislava  |c 2018 
300 |a 60 s. 
100 1 |a Fričová, Veronika, 1977- 
700 1 |a Štetka, Peter, 1986- 
710 2 |a Fakulta podnikového manažmentu EU. Katedra podnikovohospodárska